header

Electrochemical sensing of deadly toxin-atrazine (Record no. 163769)

MARC details
000 -LEADER
fixed length control field 01637nam a2200397 a 4500
082 04 - DEWEY DECIMAL CLASSIFICATION NUMBER
Classification number 363.738/498
100 1# - MAIN ENTRY--AUTHOR NAME
Personal name Rao, T. Prasada.
245 10 - TITLE STATEMENT
Title Electrochemical sensing of deadly toxin-atrazine
260 ## - PUBLICATION, DISTRIBUTION, ETC. (IMPRINT)
Place of publication Hauppauge, N.Y. :
Name of publisher Nova Science Publishers,
Year of publication 2011.
300 ## - PHYSICAL DESCRIPTION
Number of Pages 43 p. :
Other physical details ill.
490 1# - SERIES STATEMENT
Series statement Chemistry research and applications
Series statement Environmental science, engineering and technology
650 #0 - SUBJECT ADDED ENTRY--TOPICAL TERM
Topical Term Atrazine
Topical Term Electrochemical sensors.
Topical Term Pesticides
700 1# - ADDED ENTRY--PERSONAL NAME
Personal name James, Dhanya.
Personal name Elias, Milja T.
856 40 - ELECTRONIC LOCATION AND ACCESS
Uniform Resource Identifier http://site.ebrary.com/lib/rucke/Doc?id=10674895

No items available.

© 2026 Rongo University
Contact us: librarian | system librarian | Rongo university